| 000 | 00416nam a22001457a 4500 | ||
|---|---|---|---|
| 005 | 20180730162301.0 | ||
| 020 |
_a8175411651 _c480.00 |
||
| 035 | _aB-164413, b-164414 | ||
| 037 |
_aDPL _bENG |
||
| 100 | _aAssheha, Abdur Rahman | ||
| 245 |
_aIslamic concepts of human rights / _cby Abdur Rahman Assheha |
||
| 260 |
_aDelhi _bShipra _c2004 |
||
| 300 |
_a149p. _c20 cms. |
||
| 942 |
_2ddc _cEN _h323 _mABD |
||
| 999 |
_c65973 _d65973 |
||